Elementos de investigación / (Registro nro. 4879)
[ vista simple ]
| 000 -LEADER | |
|---|---|
| fixed length control field | 00894nam a2200217Ia 4500 |
| 003 - CONTROL NUMBER IDENTIFIER | |
| control field | OSt |
| 005 - DATE AND TIME OF LATEST TRANSACTION | |
| control field | 20200827124438.0 |
| 008 - FIXED-LENGTH DATA ELEMENTS--GENERAL INFORMATION | |
| fixed length control field | 191128s1958 sp gr 000 0 spa d |
| 040 ## - CATALOGING SOURCE | |
| Original cataloging agency | Co-JMCR |
| Transcribing agency | Co-JMCR |
| 041 0# - LANGUAGE CODE | |
| Language code of text/sound track or separate title | spa |
| 082 04 - DEWEY DECIMAL CLASSIFICATION NUMBER | |
| Classification number | 370.78 / |
| Item number | W617e |
| Edition number | 23 |
| 100 1# - MAIN ENTRY--PERSONAL NAME | |
| Personal name | Whitney, Frederick Lamson, |
| Relator term | autor |
| 9 (RLIN) | 9361 |
| 245 10 - TITLE STATEMENT | |
| Title | Elementos de investigación / |
| Statement of responsibility, etc. | Frederick Lamson Whitney ; traductor, José Savé |
| 260 ## - PUBLICATION, DISTRIBUTION, ETC. | |
| Place of publication, distribution, etc. | Barcelona : |
| Name of publisher, distributor, etc. | Omega, |
| Date of publication, distribution, etc. | 1958. |
| 300 ## - PHYSICAL DESCRIPTION | |
| Extent | 395 páginas |
| Dimensions | 22 cm. |
| 505 0# - FORMATTED CONTENTS NOTE | |
| Formatted contents note | Pensar reflexivo, ciencia e investigación -- Rasgos y aptitudes para ña investigación -- El problema investigación -- Valoración de la investigación previa -- Las agendas de procedimiento -- Btención de datos -- El método descriptivo |
| 650 24 - SUBJECT ADDED ENTRY--TOPICAL TERM | |
| Topical term or geographic name entry element | Investigación |
| 9 (RLIN) | 9362 |
| 650 24 - SUBJECT ADDED ENTRY--TOPICAL TERM | |
| Topical term or geographic name entry element | Educación |
| General subdivision | Investigación |
| 9 (RLIN) | 9363 |
| 700 1# - ADDED ENTRY--PERSONAL NAME | |
| Personal name | Savé, José, traductor |
| 9 (RLIN) | 9364 |
| 942 ## - ADDED ENTRY ELEMENTS (KOHA) | |
| Source of classification or shelving scheme | Dewey Decimal Classification |
| Koha item type | Books |
| Withdrawn status | Lost status | Source of classification or shelving scheme | Materials specified (bound volume or other part) | Damaged status | Not for loan | Home library | Current library | Shelving location | Date acquired | Source of acquisition | Total Checkouts | Full call number | Barcode | Date last seen | Date last checked out | Copy number | Price effective from | Koha item type |
|---|---|---|---|---|---|---|---|---|---|---|---|---|---|---|---|---|---|---|
| Dewey Decimal Classification | Donación--15/04/2018-- | Biblioteca Pública José María del Castillo y Rada | Biblioteca Pública José María del Castillo y Rada | General Stacks | 11/28/2019 | Donación | 1 | 370.78 / W617e | 430000920 | 10/24/2025 | 10/24/2025 | Ej.1 | 11/28/2019 | Books |